| 000 | 00645nam a2200253 a 4500 | ||
|---|---|---|---|
| 001 | 14311 | ||
| 003 | BD-JhCC | ||
| 005 | 20250302142938.0 | ||
| 008 | 250302b19762018e a|||| ||a| 001 0 eng d | ||
| 020 | _a 9780241337585 | ||
| 035 | _a(BD-JhCC)14311 | ||
| 040 |
_aBD-JhCC _dBD-JhCC |
||
| 041 | _aenglish | ||
| 082 |
_a808.83 _bRHY 2018 |
||
| 100 | _a Rhys,Jean | ||
| 245 |
_aTill Septennber Petronella / _cJean Rhys. |
||
| 260 |
_aNew York: _bPenguin Books; _c2018. |
||
| 300 |
_a64 p. : _c16 cm. |
||
| 490 | _aPenguin Modern: 13 | ||
| 500 | _aPenguin Modern: 13 | ||
| 650 | _aEnglish Short stories | ||
| 942 |
_2ddc _cBK |
||
| 999 |
_c14311 _d14311 |
||